Family doctor guide to stress / (Record no. 2582)

000 -LEADER
fixed length control field nam a22 a 4500
005 - DATE AND TIME OF LATEST TRANSACTION
control field 20170517113757.0
008 - FIXED-LENGTH DATA ELEMENTS--GENERAL INFORMATION
fixed length control field 170517b1999 enk||||| |||| 00| 0 eng d
020 ## - INTERNATIONAL STANDARD BOOK NUMBER
International Standard Book Number 0751306819
040 ## - CATALOGING SOURCE
Original cataloging agency AKMAL
082 ## - DEWEY DECIMAL CLASSIFICATION NUMBER
Classification number 616.98 WIL
090 ## - LOCALLY ASSIGNED LC-TYPE CALL NUMBER (OCLC); LOCAL CALL NUMBER (RLIN)
Classification number (OCLC) (R) ; Classification number, CALL (RLIN) (NR) 616.98
Local cutter number (OCLC) ; Book number/undivided call number, CALL (RLIN) WIL
100 ## - MAIN ENTRY--PERSONAL NAME
Personal name Wilkinson, Greg
Dates associated with a name 1951-
9 (RLIN) 5390
245 ## - TITLE STATEMENT
Title Family doctor guide to stress /
Statement of responsibility, etc. Greg Wilkinson.
260 ## - PUBLICATION, DISTRIBUTION, ETC.
Place of publication, distribution, etc. London
Name of publisher, distributor, etc. Dorling Kindersley
Date of publication, distribution, etc. 1999.
300 ## - PHYSICAL DESCRIPTION
Extent 96p.
Other physical details col. ill
Dimensions 21cm
500 ## - GENERAL NOTE
General note Includes index
500 ## - GENERAL NOTE
General note At head of cover title: British Medical Association.
599 ## - LOCAL NOTE
Local Note DALAM PROSES
650 ## - SUBJECT ADDED ENTRY--TOPICAL TERM
Topical term or geographic name entry element Stress management |v Popular works.
9 (RLIN) 5391
710 ## - ADDED ENTRY--CORPORATE NAME
Corporate name or jurisdiction name as entry element British Medical Association.
9 (RLIN) 5252
942 ## - ADDED ENTRY ELEMENTS (KOHA)
Source of classification or shelving scheme
Koha item type Book
Holdings
Withdrawn status Lost status Source of classification or shelving scheme Damaged status Not for loan Collection code Home library Current library Shelving location Date acquired Inventory number Total Checkouts Full call number Barcode Date last seen Price effective from Koha item type
          NON-FICTION AKMAL Melaka AKMAL Melaka PINJAMAN 17.05.2017 601898   616.98 WIL 201703423 17.05.2017 17.05.2017 Book
Pusat Sumber Maklumat Dato' Haji Sarmin Md Hussin, Akademi Kastam Diraja Malaysia, Melaka
Tel: 06-2331106 | Faks: 06-2313787